02746nam a2200313Ia 450000500170000000800410001704000530005804100080011124500610011926000630018030000550024349000260029850004700032450503260079450502970112050803830141751101660180054600710196665000240203765000200206165000560208165000180213770000280215570000270218371000230221071000280223376500140226185601570227520140806163235.0130821s1931 xxu g q mleng d aCO-BoUCMbspacOscar Anaya (modificó)d[Nuevo] aeng00aDráculacTod Browning y Karl Freund, directoresh[DVD] aWashington D.C. (Estados Unidos)bUniversal Picturesc1931 a2 DVD, 399 minutosbimagen, sonido, blanco y negro 4aThe Legacy Collection aSINOPSIS : El Conde Drácula cambia su residencia desde los Cárpatos a occidente. Para ello se procura al contable que le visita para acompañarle en su mudanza como servidor. Una vez instalado, conoce a una joven, ya prometida, de quién se enamora. Comenzará a visitarla por las noches, para ir bebiendo su sangre poco a poco, y convertirla así en su esposa. Pero el malestar que sufre la joven alerta a su familia, que contacta con el doctor Van Helsing0 aDISCO 1. -- Dracula (1931) with Original Score. -- Dracula (1931) with Philip Glass Score. Stephen Sommers on Universal's Classic Monster: Dracula. -- The Road to Dracula, An original Documentary. -- Dracula: Poster and Photo Montage. -- Dracula Theatrical Trailer. -- Feature Commentary with Film Historian David J. Skal0 aDISCO 2 (LADO A). -- Dracula-Spanish Version (1931). -- Introduction to the Spanish Version with Lupita Tovar. -- Dracula's Daughter (1936). -- Dracula's Daughter Theatrical Trailer. -- Son of Dracula Theatrical Trailer. -- DISCO 2 (LADO B) : Son of Dracula (1943). -- House of Dracula (1945) aCRÉDITOS: Dirigida por Tod Browning y Karl Freund ; escrita por Bram Stoker ; producida por Carl Laemmle Jr. ; música por Philip Glass ; fotografía por Karl Freund ; diseño de producción por John Hoffman y Herman Rosse ; dirección de arte por Charles D. Hall ; ambientación por Russell A. Gausman ; vestuario por Ed Ware y Vera West ; maquillaje por Jack P. Pierce0 aREPARTO: Bela Lugosi, Helen Chandler, David Manners, Dwight Frye, Edward Van Sloan, Herbert Bunston, Frances Dade, Joan Standing, Charles K. Gerrard, Anna Bakacs aAudio en inglés. Subtítulos en inglés, español y francés04aCine de terrorvDVD04aEntretenimiento04aPelículas cinematográficaszEstados UnidosvDVD04aVampirosvDVD1 aBrowning, Todedirector1 aFreund, Karledirector2 aUniversal Pictures2 aTod Browning Production0 tDrácula40uhttp://www.youtube.com/watch?v=VoaMw91MC9kzSiga este enlace para ver el trailerzTrailer tomado del canal MOVIECLIPS Classic Trailers vía YouTube.com